000 00516cam a22001457a 4500
008 180718b2007 xxu||||| |||| 00| 0 eng d
082 _aAPPPA 2007-08
100 _aGarg, A.K.
245 _aRole of women in the armed forces
_cby A.K. Garg
260 _aNew Delhi
_bIndian Institute of Public Administration
_c2007
300 _a2 vols.
500 _aContents: v.1. 116p.; v.2. appendices, pp.117-379, An APPPA M.Phil dissertation, 2006-07 (Guide: Dr. Lipi Mukhopadhyay)
650 _aArmed forces
650 _aWomen
999 _c493521
_d493521